Datum a čas kvízu
35
Celkem bodů
Celkový počet nahraných bodů na tomto kvízu bez doplňovacích otázek.
4.
Pořadí na kvízu
Konečné umístění týmu na tomto kvízu.
Zaznamenané odpovědi
| # | Otázka | Odpověď | Body | Výsledky |
|---|---|---|---|---|
| 1. | Prezident Petr Pavel stanovil... | 3. a 4. října (2025) | 1 | |
| 2. | Minulý týden jsme byli informo... | Magna Charta (Libertatum) | 1 | |
| 3. | Který muž bude v příštích lete... | Jiří Bartoška | 1 | |
| 4. | Minulý týden jsme se dozvěděli... | Kofola | 0 | |
| 5. | Tým z jednoho krajského města... | Brno, Nymburk | 0.5 | |
| 6. | Podíváme se na pět reklam, z n... | sázení (sázková kancelář, hazard) | 0 | |
| 7. | Pro který produkt byla vytvoře... | kondomy | 1 | |
| 8. | Doplňte 4 slova, která pokraču... | vy už tady nebudete | 1 | |
| 9. | Tato televizní reklama na Fido... | Karel Zich | 1 | |
| 10. | Spot režiséra Jakuba Koháka se... | ÚAMK | 0 |